Serving farmers and saving farming (Record no. 503678)

000 -LEADER
fixed length control field 00406cam a22001457a 4500
008 - FIXED-LENGTH DATA ELEMENTS--GENERAL INFORMATION
fixed length control field 180718b2006 xxu||||| |||| 00| 0 eng d
082 ## - DEWEY DECIMAL CLASSIFICATION NUMBER
Classification number Z00x54 In2f/4
100 ## - MAIN ENTRY--PERSONAL NAME
Personal name National commission on farmers
245 ## - TITLE STATEMENT
Title Serving farmers and saving farming
260 ## - PUBLICATION, DISTRIBUTION, ETC.
Place of publication, distribution, etc. New Delhi
Name of publisher, distributor, etc. Ministry of agriculture
Date of publication, distribution, etc. 2006
300 ## - PHYSICAL DESCRIPTION
Extent 449p.
440 ## - SERIES STATEMENT/ADDED ENTRY--TITLE
Title 4th
650 ## - SUBJECT ADDED ENTRY--TOPICAL TERM
Topical term or geographic name entry element Agriculture
700 ## - ADDED ENTRY--PERSONAL NAME
Personal name Chairman: M.S.Swaminathan
Holdings
Withdrawn status Lost status Damaged status Not for loan Permanent Location Current Location Date acquired Total Checkouts Full call number Barcode Checked out Date last seen Date last checked out Price effective from Koha item type
        Indian Institute of Public Administration Indian Institute of Public Administration 2018-08-04 1 Z00x54 In2f/4 GG32629 2020-07-09 2019-05-07 2019-05-07 2018-08-04 GG

Powered by Koha